| 000 | 00458nam a2200193Ia 4500 | ||
|---|---|---|---|
| 005 | 20250603145018.0 | ||
| 008 | 250603s9999 xx 000 0 und d | ||
| 020 | _a9780803614017 | ||
| 050 | _aRC 440 .N44/ | ||
| 100 | _aNeeb, Kathy | ||
| 245 | 0 | _aFundamentals of mental health nursing | |
| 250 | _a3rd ed. | ||
| 260 | _aPhiladelphia | ||
| 260 | _bF. A. Davis Company | ||
| 260 | _c2006 | ||
| 300 | _a438 p | ||
| 650 | _aPhiladelphia | ||
| 942 | _cBK | ||
| 999 |
_c40607 _d40607 |
||